000 00767nam a2200229 i 4500
001 186996
003 SpMaBN
005 20250824230756.0
008 170324s1986 sp |||| |bspa d
020 _a84-321-2315-3
080 _a929 Agustín, Santo
100 1 _aGuilloux, Pierre.
_9162162
245 1 3 _aEl alma de San Agustín /
_cPedro Guilloux.
260 _aMadrid :
_bRialp,
_c[1986]
300 _a332 p. ;
_c19 cm.
490 1 _aPatmos, libros de espiritualidad ;
_v185
500 _aCronología.
600 0 7 _aAgustín
_cSanto, Obispo de Hipona-
_xBiografías.
_918920
830 0 0 _aPatmos (Rialp)
_v185
_9181154
852 _aES-MaACL
_jL-31314
_z. - Donat. herederos de la bibl. de Mª del Pilar Costa Palacín
999 _c186996
_d186996